SMEs struggle (Record no. 118357)
[ view plain ]
| 000 -LEADER | |
|---|---|
| fixed length control field | 01048cam a2200217 4500 |
| 001 - CONTROL NUMBER | |
| control field | WB@3612-263 |
| 008 - FIXED-LENGTH DATA ELEMENTS--GENERAL INFORMATION | |
| fixed length control field | 041123n2004 000 0 eng u |
| 035 ## - SYSTEM CONTROL NUMBER | |
| System control number | (Sirsi) u128092 |
| 245 ## - TITLE STATEMENT | |
| Title | SMEs struggle |
| 260 ## - PUBLICATION, DISTRIBUTION, ETC. | |
| Date of publication, distribution, etc. | 2004 |
| 490 ## - SERIES STATEMENT | |
| Series statement | CBI News Release |
| Volume/sequential designation | 17 November 2004 (3) |
| 520 ## - SUMMARY, ETC. | |
| Summary, etc. | Smaller manufacturers have seen total orders decline at the fastest rate for a year, with confidence falling for the first time in 12 months. The "CBI quarterly survey of small and medium-sized companies" reveals that recovery is proving elusive for the struggling sector. Export orders also fell at the fastest rate for 12 months, despite expectations of an increase. Firms now expect a further decline in export orders over the coming quarter. http://www.cbi.org.uk/ndbs/press.nsf/0363c1f07c6ca 12a8025671c00381cc7/78ef1f3b35220df680256f4d0040f6 88?OpenDocument |
| 590 ## - LOCAL NOTE (RLIN) | |
| Local note | WB |
| 590 ## - LOCAL NOTE (RLIN) | |
| Local note | WB |
| 650 ## - SUBJECT ADDED ENTRY--TOPICAL TERM | |
| Topical term or geographic name entry element | SMES |
| 650 ## - SUBJECT ADDED ENTRY--TOPICAL TERM | |
| Topical term or geographic name entry element | STATISTICS |
| 650 ## - SUBJECT ADDED ENTRY--TOPICAL TERM | |
| Topical term or geographic name entry element | MANUFACTURING |
| 650 ## - SUBJECT ADDED ENTRY--TOPICAL TERM | |
| Topical term or geographic name entry element | EXPORT ORDERS |
| 690 ## - LOCAL SUBJECT ADDED ENTRY--TOPICAL TERM (OCLC, RLIN) | |
| Topical term or geographic name as entry element | ECONOMIC ISSUES |
| 942 ## - ADDED ENTRY ELEMENTS (KOHA) | |
| Suppress in OPAC | 0 |
| Withdrawn status | Lost status | Source of classification or shelving scheme | Damaged status | Not for loan | Home library | Current library | Shelving location | Date acquired | Total Checkouts | Full call number | Barcode | Date last seen | Copy number | Price effective from | Koha item type |
|---|---|---|---|---|---|---|---|---|---|---|---|---|---|---|---|
| Dewey Decimal Classification | London | London | News article | 23/11/2004 | WB4045-05 | 128092-1001 | 06/08/2019 | 1 | 06/08/2019 | News article |